Core Java / (Record no. 9822)
[ view plain ]
| 000 -LEADER | |
|---|---|
| fixed length control field | 01250nac a22003615a 4500 |
| 008 - FIXED-LENGTH DATA ELEMENTS--GENERAL INFORMATION | |
| fixed length control field | 090426t2008 n a fr 001 0 eng d |
| 010 ## - LIBRARY OF CONGRESS CONTROL NUMBER | |
| LC control number | 2007028843 |
| 020 ## - INTERNATIONAL STANDARD BOOK NUMBER | |
| International Standard Book Number | 0132354764 (V.1) |
| 020 ## - INTERNATIONAL STANDARD BOOK NUMBER | |
| International Standard Book Number | 9780132354769 (V.1) |
| 020 ## - INTERNATIONAL STANDARD BOOK NUMBER | |
| International Standard Book Number | 0132354799 (V.2) |
| 020 ## - INTERNATIONAL STANDARD BOOK NUMBER | |
| International Standard Book Number | 9780132354790(V.2) |
| 035 ## - SYSTEM CONTROL NUMBER | |
| System control number | (OCoLC)ocn155715269 |
| 035 ## - SYSTEM CONTROL NUMBER | |
| System control number | (OCoLC)155715269 |
| 040 ## - CATALOGING SOURCE | |
| Original cataloging agency | EG-ScBUE |
| Language of cataloging | eng |
| Transcribing agency | EG-ScBUE |
| 082 04 - DEWEY DECIMAL CLASSIFICATION NUMBER | |
| Classification number | 005.133 |
| Item number | HOR |
| Edition number | 22 |
| 100 1# - MAIN ENTRY--PERSONAL NAME | |
| Personal name | Horstmann, Cay S., |
| 9 (RLIN) | 4215 |
| 245 10 - TITLE STATEMENT | |
| Title | Core Java / |
| Statement of responsibility, etc | Cay S. Horstmann, Gary Cornell. |
| 246 30 - VARYING FORM OF TITLE | |
| Title proper/short title | Fundamentals |
| 246 30 - VARYING FORM OF TITLE | |
| Title proper/short title | Core Java fundamentals |
| 250 ## - EDITION STATEMENT | |
| Edition statement | 8th ed. |
| 260 ## - PUBLICATION, DISTRIBUTION, ETC. (IMPRINT) | |
| Place of publication, distribution, etc | Upper Saddle River, New Jersey : |
| Name of publisher, distributor, etc | Prentice Hall/Sun Microsystems, |
| Date of publication, distribution, etc | c.2008 |
| 300 ## - PHYSICAL DESCRIPTION | |
| Extent | 2 v. : |
| Other physical details | ill. ; |
| Dimensions | 24 cm. |
| 500 ## - GENERAL NOTE | |
| General note | Includes index. |
| 500 ## - GENERAL NOTE | |
| General note | "Revised and updated for Java SE 6", on cover page. |
| 505 0# - FORMATTED CONTENTS NOTE | |
| Formatted contents note | v. 1. Fundamentals -- v. 2. Advanced features. |
| 590 ## - LOCAL NOTE (RLIN) | |
| Local note | catalogued by: Mostafa El-Helaly |
| 650 #0 - SUBJECT ADDED ENTRY--TOPICAL TERM | |
| Topical term or geographic name as entry element | Java (Computer program language) |
| 9 (RLIN) | 4216 |
| Source of heading or term | BUEsh |
| 651 ## - SUBJECT ADDED ENTRY--GEOGRAPHIC NAME | |
| Source of heading or term | BUEsh |
| 653 ## - INDEX TERM--UNCONTROLLED | |
| Resource For college | Informatics and Computer Science |
| Arrived date list | August2015 |
| 655 ## - INDEX TERM--GENRE/FORM | |
| Genre/form data or focus term | Programming in Java- year 1. |
| Form subdivision | |
| General subdivision | Computer Science |
| Chronological subdivision | Semester 2. 2008/2009 |
| 700 1# - ADDED ENTRY--PERSONAL NAME | |
| Personal name | Cornell, Gary. |
| 9 (RLIN) | 4217 |
| 942 ## - ADDED ENTRY ELEMENTS (KOHA) | |
| Item type | NB - Book (Non borrowing) |
| Call number prefix | 005.133HOR |
| Source of classification or shelving scheme | Dewey Decimal Classification |
| Withdrawn status | Item status | Source of classification or shelving scheme | Damaged status | Not for loan | Vendor | Home library | Current library | Shelving location | Date acquired | Source of acquisition | Total Checkouts | Total Renewals | Full call number | Barcode | Date last seen | Date last borrowed | Koha item type | Public note | Cost, normal purchase price | Cost, replacement price | Checked out |
|---|---|---|---|---|---|---|---|---|---|---|---|---|---|---|---|---|---|---|---|---|---|
| Dewey Decimal Classification | Baccah | Central Library | Central Library | Lower Floor | 05/02/2008 | Purchase | 7 | 5 | 005.133 HOR | 000009402 | 15/07/2025 | 04/09/2012 | Book - Borrowing | V.1. Fundamentals | |||||||
| Dewey Decimal Classification | Baccah | Central Library | Central Library | Lower Floor | 21/04/2011 | Purchase | 005.133 HOR | 000012086 | 15/07/2025 | NB - Book (Non borrowing) | V.2. Advanced Features | 180.00 | 225.00 | ||||||||
| Dewey Decimal Classification | Baccah | Central Library | Central Library | Lower Floor | 21/04/2011 | Purchase | 2 | 8 | 005.133 HOR | 000011699 | 15/07/2025 | 02/11/2011 | Book - Borrowing | V.2. Advanced Features | 180.00 | 225.00 | |||||
| Dewey Decimal Classification | Baccah | Central Library | Central Library | Lower Floor | 26/04/2011 | Purchase | 005.133 HOR | 000009266 | 15/07/2025 | NB - Book (Non borrowing) | V.1. Fundamentals | 180.00 | 225.00 | ||||||||
| Dewey Decimal Classification | Baccah | Central Library | Central Library | Lower Floor | 26/04/2011 | Purchase | 2 | 3 | 005.133 HOR | 000023384 | 15/07/2025 | 11/12/2014 | Book - Borrowing | V.1. Fundamentals | 180.00 | 225.00 | |||||
| Dewey Decimal Classification | Baccah | Central Library | Central Library | Lower Floor | 26/04/2011 | 2 | 005.133 HOR | 000023386 | 15/07/2025 | 22/02/2016 | Book - Borrowing | V.1. Fundamentals | 180.00 | 225.00 | |||||||
| Dewey Decimal Classification | Central Library | Central Library | Lower Floor | 26/04/2011 | 4 | 9 | 005.133 HOR | 000015299 | 15/07/2025 | 01/11/2015 | Book - Borrowing | V.1. Fundamentals | 180.00 | 225.00 | |||||||
| Dewey Decimal Classification | Baccah | Central Library | Central Library | Lower Floor | 26/04/2011 | Purchase | 1 | 1 | 005.133 HOR | 000009267 | 15/07/2025 | 24/08/2011 | Book - Borrowing | V.1. Fundamentals | 180.00 | 225.00 | |||||
| Dewey Decimal Classification | Baccah | Central Library | Central Library | Lower Floor | 26/04/2011 | Purchase | 3 | 19 | 005.133 HOR | 000015258 | 09/02/2026 | 09/02/2026 | Book - Borrowing | V.1. Fundamentals | 180.00 | 225.00 | 23/05/2026 | ||||
| Dewey Decimal Classification | Baccah | Central Library | Central Library | Lower Floor | 26/04/2011 | 2 | 1 | 005.133 HOR | 000015257 | 15/07/2025 | 01/08/2012 | Book - Borrowing | V.2. Advanced Features | 180.00 | 225.00 |